000 00764nam a22002177a 4500
999 _c196991
_d196991
005 20230810160022.0
010 _aB-755560 CHEN 25.5.23
020 _a9788184822175
_c399.00
035 _aB-755560
037 _bAakar
082 _aS
245 _aBrave Rajputs /
_cedited by Anant Pai
260 _bAmar Chitra Katha
_c2019(repr.)
_aMumbai
270 _aAFL House,7th Floor, Lok Bharati Complex, Marol Maroshi Road, Andheri (East), Mumbai
_bMumbai
_e400059
300 _avarious pages
_c24cm(Hb)
_bcol. ill.
500 _a5-In-1
505 _aPrithviraj Chauhan, Rana Khumbha, Rana Sanga,Rana Pratap, Rani Durgavati
700 _aPai,Anant
942 _cCH
_hS
_2ddc
_mBRA